Countries from 'B' by Desserts - Statistics

General Stats
  • This quiz has been taken 16 times
  • The average score is 7 of 17
Answer Stats
Picture Answer % Correct
Belgium
100%
Bangladesh
47%
Bhutan
47%
Bolivia
47%
Brazil
47%
Bulgaria
47%
Bahamas
40%
Bahrain
40%
Barbados
40%
Belarus
40%
Bosnia and Herzegovina
40%
Botswana
40%
Brunei
40%
Belize
33%
Benin
33%
Burkina Faso
33%
Burundi
33%
No matching quizzes found
Score Distribution
Percent of People with Each Score
Percentile by Number Answered
Your Score History
You have not taken this quiz